Contemporary India and Education/ (Record no. 178684)
[ view plain ]
| 000 -LEADER | |
|---|---|
| fixed length control field | 00800nam a22002177a 4500 |
| 005 - DATE AND TIME OF LATEST TRANSACTION | |
| control field | 20210409170302.0 |
| 010 ## - LCCN (DPL NO) | |
| LC control number | ENG-129426 |
| 020 ## - INTERNATIONAL STANDARD BOOK NUMBER | |
| Terms of availability | 995.00 |
| International Standard Book Number | 978-93-88016-59-9 |
| 035 ## - SYSTEM CONTROL NUMBER | |
| System control number | EN-112958 |
| 037 ## - SOURCE OF ACQUISITION | |
| Source of stock number/acquisition | DBAD/PUB |
| 082 ## - DEWEY DECIMAL CLASSIFICATION NUMBER | |
| Classification number | 370.954 |
| 100 ## - MAIN ENTRY--PERSONAL NAME | |
| Personal name | Vanaja, M. |
| 245 ## - TITLE STATEMENT | |
| Title | Contemporary India and Education/ |
| Remainder of title | M. Vanaja, G. Padma Tulasi and N. Sridevi; Edited by V. Dayakara Reddy |
| 260 ## - PUBLICATION, DISTRIBUTION, ETC. (IMPRINT) | |
| Place of publication, distribution, etc | New Delhi |
| Name of publisher, distributor, etc | Neelkamal Publications |
| Date of publication, distribution, etc | 2020 |
| 270 ## - ADDRESS | |
| Address | 4764/1, 23, Ansari Road, Daryaganj |
| City | New Delhi |
| Postal code | 110002 |
| Telephone number | 011-23244237, 98118-28953 |
| Electronic mail address | neelkamalbooks@gmail.com |
| 300 ## - PHYSICAL DESCRIPTION | |
| Extent | xi+268p. |
| Dimensions | 24cm(hbk) |
| Other physical details | including bibliographical references, index. |
| 700 ## - ADDED ENTRY--PERSONAL NAME | |
| Personal name | G. Padma Tulasi |
| 700 ## - ADDED ENTRY--PERSONAL NAME | |
| Personal name | N. Srinivas |
| 700 ## - ADDED ENTRY--PERSONAL NAME | |
| Personal name | Reddy, V. Dayakara, Ed. |
| 942 ## - ADDED ENTRY ELEMENTS (KOHA) | |
| Source of classification or shelving scheme | Dewey Decimal Classification |
| Item type | English Books |
| Classification part | 370.954 |
| Call number suffix | VAN |
| Withdrawn status | Lost status | Not for loan | Collection code | Home library | Current library | Date acquired | Source of acquisition | Cost, normal purchase price | Full call number | Barcode | Copy number | Cost, replacement price | Koha item type |
|---|---|---|---|---|---|---|---|---|---|---|---|---|---|
| Non-fiction | Bawana | Bawana | 09/04/2021 | DBAD/PUB | 995.00 | 370.954 VAN | EN-112958 | 1 | 995.00 | English Books |
